Responses for show #6527 - Tuesday, January 22, 2013

Contestants

Michelle Souza, a costume designer from San Diego, California

Buddy Hammett, a customer service specialist from Douglasville, Georgia

Barbara Sheridan, an attorney and law clerk to a judge from Yonkers, New York (whose 1-day cash winnings total $17,999)

Jeopardy! Round responses

IF THE SHOE FITS...
ART & ARTIST
THE "B" TEAM
WEIGHTS & MEASURES
NOUN; VERB
I'M DYING HERE!
    $200 6
(Barbara: What are stilettos?)

spikes

BarbaraMichelle
    $200 1
The Last Supper

Michelle
    $200 11
the Braves

Buddy
    $200 12
(Alex: Yeah, that should be in THE "B" TEAM.)

a bale

Buddy
    $200 14
to hammer

Michelle
    $200 26
Madrid

Barbara
    $400 7
spectators

Michelle
    $400 2
Frida Kahlo

Michelle
    $400 22
(Buddy: [Pause] Who are the Kings?)

the (Boston) Bruins

BarbaraBuddy
    $400 13
(Alex: Should be in the "B" category also!)

a barrel

Triple Stumper
    $400 18
season

Michelle
    $400 27
Stratford-on-Avon

Michelle
    $600 8
gladiator sandals

Barbara
    $600 3
Venus

Barbara
    $600 23
the Buffalo Bills

Barbara
    $600 15
a pony

Michelle
    $600 19
can

Michelle
    $600 28
Nice

Buddy
    $800 9
huaraches

Michelle
    $1,000 4
(Barbara: [Pause] Who is Jackson Pollock?)

Andy Warhol

Barbara
    $800 24
the Browns and the Bengals

Michelle
    $800 16
International Units

Michelle
    $800 20
squash

Michelle
    $800 29
the Capitol building

Buddy
    $1000 10
(Barbara: What are--Edinburgh?)
Michelle: What are brogues?)

Balmoral

BarbaraMichelle
Triple Stumper
    $1000 5
(Barbara: Who's El Greco?)

Titian

Barbara
Triple Stumper
    $1000 25
the Milwaukee Bucks

Buddy
    $1000 17
a township

Buddy
    $1000 21
practice

Buddy
    $1000 30
Milan

Buddy

Scores at the first commercial break (after clue 13):

Barbara Buddy Michelle
-$2,000 $400 $1,000

Scores at the end of the Jeopardy! Round:

Barbara Buddy Michelle
-$800 $5,400 $5,600

Double Jeopardy! Round responses

HERE COMES THE JUDGE
METALS
SONGS FOR YOUR CAT
ANCIENT HISTORY
"USE"FUL INFORMATION
LITERARY LAST LINES
    $400 1
Salem

Buddy
    $400 7
silver

Barbara
    $400 14
Katy Perry

Michelle
    $400 19
Hammurabi

Barbara
    $400 26
a muse

Michelle
    $400 2
Gone with the Wind

Barbara
    $800 3
Chief Justice John Roberts

Barbara
    $800 10
titanium

Michelle
    $800 15
"What's New Pussycat?"

Michelle
    $800 20
stoicism

Michelle
    $800 27
the hypotenuse

Michelle
    $2,000 8
The Wizard of Oz

Barbara
    $1200 4
Watergate

Barbara
    $2,000 11
(Michelle: What is quartz?)

calcium

Michelle
    $1200 16
The Stray Cats

Michelle
    $1200 21
the Maccabees

Barbara
    $1200 28
a recluse

Buddy
    $1200 9
To Kill a Mockingbird

Buddy
    $1600 5
(Lance) Ito

Michelle
    $1600 12
(Buddy: What is aluminum?)

lithium

BuddyMichelle
    $1600 17
"The Lion Sleeps Tonight"

Michelle
    $1600 24
the Etruscans

Buddy
    $1600 29
a ruse

Michelle
    $1600 22
Elmer Gantry

Triple Stumper
    $2000 6
Roy Bean

Buddy
    $2000 13
(Buddy: What is tin?)

zinc

Buddy
Triple Stumper
    $2000 18
[Applause for Michelle's run of the category]

"Dog Days"

Michelle
    $2000 25
Persepolis

Buddy
    $2000 30
a chanteuse

Buddy
    $2000 23
Mrs. Dalloway

Michelle

Scores at the end of the Double Jeopardy! Round:

Barbara Buddy Michelle
$5,600 $12,200 $19,200

[wagering suggestions for these scores]

Final Jeopardy! Round responses

OFFICIAL COUNTRY NAMES
(Alex: The clue referred to the Swiss country--the [*], they call themselves.)
BarbaraWhat is Russia?
$5,598
BuddyWhat is Australia?
$5,599
MichelleWhat are the Maldives
$5,201
Swiss Confederation

Final scores:

Barbara Buddy Michelle
$2 $6,601 $13,999
3rd place: $1,000 2nd place: $2,000 New champion: $13,999

Game dynamics:

Coryat scores:

Barbara Buddy Michelle
$5,400 $12,200 $21,200
12 R
(including 1 DD),
4 W
(including 1 DD)
15 R,
3 W
26 R,
2 W
(including 1 DD)

Combined Coryat: $38,800

The J! Archive is created by fans, for fans. The Jeopardy! game show and all elements thereof, including but not limited to copyright and trademark thereto, are the property of Jeopardy Productions, Inc. and are protected under law. This website is not affiliated with, sponsored by, or operated by Jeopardy Productions, Inc. Join the discussion at JBoard.tv.